| 000 | 00653nam a22001937a 4500 | ||
|---|---|---|---|
| 005 | 20251108165350.0 | ||
| 008 | 250721s1997 xx 000 0 ara d | ||
| 082 | 1 | 4 | _aم/016.00142/صاف |
| 100 | 1 | _aالصافي، عبد الرضا محمد | |
| 245 | 1 | 0 | _aدليل المراجع العربية و المعربة عن مناهج البحث العلمي / |
| 264 | 1 |
_aعمان : _bجمعية المكتبات الاردنية، _c1997. |
|
| 300 | _a303ص. | ||
| 650 | 1 | 7 | _aالببليوغرافيات |
| 650 | 1 | 7 | _aالأبحاث |
| 650 | 1 | 7 | _aكتب المراجع |
| 650 | 1 | 7 | _aالبحث العلمي |
| 942 |
_2ddc _cREF |
||
| 999 |
_c26158 _d26158 |
||